LEADER 00978nam 2200337 450 001 9910148760303321 005 20221215211604.0 010 $a1-61893-501-1 035 $a(CKB)3710000000921992 035 $a(MiAaPQ)EBC5370324 035 $a(EXLCZ)993710000000921992 100 $a20180618d2016 uy 0 101 0 $aeng 135 $aurcnu|||||||| 181 $ctxt$2rdacontent 182 $cc$2rdamedia 183 $acr$2rdacarrier 200 00$aBig book of WHY: revised and updated (a TIME for kids book) $e1,001 facts kids want to know 205 $aSecond edition. 210 1$aNew York, New York :$cTime Inc. Books,$d[2016] 210 4$d©2016 215 $a1 online resource (493 pages) 311 $a1-61893-164-4 676 $a031.02 801 0$bMiAaPQ 801 1$bMiAaPQ 801 2$bMiAaPQ 906 $aBOOK 912 $a9910148760303321 996 $aBig book of WHY: revised and updated (a TIME for kids book)$92992989 997 $aUNINA LEADER 01340nam a2200265 i 4500 001 991003773959707536 005 20020506104608.0 008 000523s1994 it ||| | ita 035 $ab1055337x-39ule_inst 035 $aEXGIL126745$9ExL 040 $aDip.to Filol. Ling. e Lett.$bita 110 2 $aCentro di studi sul teatro medioevale e rinascimentale$0448692 245 10$aOrigini della Commedia nell'Europa del Cinquecento :$bconvegno di studi :$bRoma 30 settembre - 3 ottobre 1993 /$cCentro studi sul teatro medioevale e rinascimentale ; a cura di M. Chiabo, F. Doglio 260 $aRoma :$bTorre d'Orfeo,$c[ stampa 1994] 300 $a619, [47] p. :$bill. ;$c24 cm. 500 $aIn testa al front.: Ministero turismo e spettacolo. Ministero beni culturali e ambientali. Ufficio centrale per i beni librari e gli istituti culturali, - 20. convegno del Centro 650 4$aCommedia$zEuropa$ySec. 16.$xCongressi$zRoma$y1993 700 1 $aDoglio, Federico 700 1 $aChiaḅ, Miriam 907 $a.b1055337x$b02-04-14$c27-06-02 912 $a991003773959707536 945 $aLE008 LLI IV B 150$g1$i2008000014506$lle008$o-$pE0.00$q-$rl$s- $t0$u3$v0$w3$x0$y.i10635658$z27-06-02 996 $aOrigini della Commedia nell'Europa del Cinquecento$9215873 997 $aUNISALENTO 998 $ale008$b01-01-00$cm$da $e-$fita$git $h0$i1